Can you translate from Indonesian to English? - Statistics

General Stats
  • This quiz has been taken 62 times
  • The average score is 12 of 19
Answer Stats
Hint Answer % Correct
Kamu You
96%
Kau You
96%
Malam Night
84%
Itu That
84%
APA WHAT
82%
Tapi But
80%
Siang Afternoon
78%
Orang People
78%
Harapan Hope
71%
Ketika When
67%
Taun Year
67%
Sore Evening
63%
Selamat Happy
57%
Ulang Repeat
53%
Kabar news
41%
Biar Let
29%
Sedihnya Sadly
29%
Bau Stinky
20%
Semoga Hopefully
14%
No matching quizzes found
Score Distribution
Percent of People with Each Score
Percentile by Number Answered
Your Score History
You have not taken this quiz